| 000 | 00520nam a22001337a 4500 | ||
|---|---|---|---|
| 999 |
_c21532 _d21532 |
||
| 008 | 240912b ||||| |||| 00| 0 eng d | ||
| 100 |
_aGamilla, Nimfa T. _eauthor. _960800 |
||
| 245 |
_aReading program / _cNimfa T. Gamilla, and Marilyn R. Castro. |
||
| 260 |
_aPhilippines; _bPublishers Association of the Philippines, Inc., _cDecember 2019. |
||
| 300 |
_aVolume 168, pages 248-249, _billustration. |
||
| 700 |
_aGamilla, Nimfa T. _eauthor. _960800 |
||
| 700 |
_aCastro, Marilyn R. _eauthor. _960801 |
||
| 942 |
_2ddc _cPER |
||